000 01290nam a2200337 c 4500
003 BLK
005 20180422101010.0
008 180408b bul|||||r ||||||| ||bul||
010 _aKNG00047967000
020 _a954-8283-58-1
_bиздат.: Хейзъл
040 _aBLK
041 _aBUL
_cBUL
080 _aМеждународно право
_b341
_x(038.1)
_z341(038.1)
700 1 _aРоманов, Димитър
_eсъстав.
_9365051
139 _aРоманов, Димитър
_bР 83
245 1 0 _aРечник по международно право
_cсъстав. Димитър Романов.
257 _aBGR
260 София
_bХейзъл
_c2003
_fСофия : Д. Благоев
300 _a432 с.
_c18 см
380 _a3
490 1 _aХейзъл издания
500 _aСъстав. не е отбелязан на кор. - Офс. изд.
650 4 _aМеждународно право - терминология - речници и справочници
_9279223
653 _aмеждународно право
653 _aтерминологични речници
852 _aЦб І 31498
856 4 _qpdf
_u
856 4 _qpdf
_u
942 _cKNG
_n0
944 _aCR
_c26.01.2005
_kНаталия_Медовщикова
944 _aED
_c28.10.2008
_k
999 _c44203
_d44203